| 000 | 00909nam a2200241Ia 4500 | ||
|---|---|---|---|
| 003 | Ost | ||
| 005 | 20260507075040.0 | ||
| 008 | 260507s9999||||xx |||||||||||||| ||und|| | ||
| 040 | _cfsecg | ||
| 041 | _aara | ||
| 082 | _a0 | ||
| 100 |
_aكنعان، نواف _eمؤلف |
||
| 245 | 0 |
_aالقضاء الإداري / _c نواف كنعان |
|
| 260 |
_aعمان: _bدار الثقافة للنشر, _c2002 |
||
| 300 |
_a403 صفحة؛ _c25 سم |
||
| 490 |
_aالمكتبة القانونية _v-468 |
||
| 504 | _aببلوغرافيا ص.393 | ||
| 520 | _aمبدأ المشروعية،نشأة القضاء الاداري وتنظيمه في الأردن،الاختصاصات القضائية لمحكمة العدل العليا،دعوى الالغاء | ||
| 653 | _aالقضاء الإداري | ||
| 653 | _aقضاء الإلغاء | ||
| 653 | _aمبدأ المشروعية | ||
| 942 | _cكتاب | ||
| 999 |
_c42502 _d42502 |
||